000 01016nam a22002057a 4500
999 _c4110
_d4110
003 AR-CdUCM
008 190307b ||||| |||| 00| 0 spa d
040 _aMUNICIPALIDAD PROVINCIAL DEL CUSCO
_cBIBLIOTECA MUNICIPAL DEL CUSCO
082 _a869.56 /
_bD48
100 _aDelgado, Washington
_91113
245 _aHistoria de la literatura republicana :
_bnuevo carácter de la literatura en el Perú independiente /
260 _aLima :
_bEds. Rikchay Perú,
_c1980.
300 _a173 páginas ;
_bdiagramas,
_c21 cm.
505 _aContenido: Las bases de la literatura republicana -- Literatura de la emancipación -- Romanticismo y costumbrismo -- La fundación de la literatura republicana -- El realismo -- Modernismo y postmodernismo -- Vanguardismo y revolución -- Literatura agraria -- La literatura urbana -- Las generaciones y la cronología del modernismo
650 _aLiteratura peruana
_9169
650 _aHistoria y crítica
_95993
650 _aSiglo XX
_98
942 _2ddc
_cLIBROS
945 _araen